Theories in Social Psychology / (Record no. 184065)
[ view plain ]
| 000 -LEADER | |
|---|---|
| fixed length control field | 00734 a2200181 4500 |
| 003 - CONTROL NUMBER IDENTIFIER | |
| control field | Nust |
| 005 - DATE AND TIME OF LATEST TRANSACTION | |
| control field | 20221214122120.0 |
| 040 ## - CATALOGING SOURCE | |
| Transcribing agency | Nust |
| 082 ## - DEWEY DECIMAL CLASSIFICATION NUMBER | |
| Classification number | 301,DEU |
| 100 ## - MAIN ENTRY--PERSONAL NAME | |
| Personal name | Morton Deutsch |
| 9 (RLIN) | 104815 |
| 245 ## - TITLE STATEMENT | |
| Title | Theories in Social Psychology / |
| Remainder of title | Psychology |
| Statement of responsibility, etc. | Morton Deutsch |
| 260 ## - PUBLICATION, DISTRIBUTION, ETC. | |
| Place of publication, distribution, etc. | New York |
| Name of publisher, distributor, etc. | Basic Book |
| Date of publication, distribution, etc. | 1965 |
| 300 ## - PHYSICAL DESCRIPTION | |
| Extent | x,244 p; |
| 505 ## - FORMATTED CONTENTS NOTE | |
| Formatted contents note | The Role of Theory in Social Psychology (Page-1), The Approach of Gestalt Psychology (Page-14), Field Theory in Social Psychology (page-37), The Reinforcement Theorists (Page-77), Psychoanalytic Theory (Page-126), Role Theory (Page-173), Trends in Social Psychology (Page-212). |
| 600 ## - SUBJECT ADDED ENTRY--PERSONAL NAME | |
| Personal name | Morton Deutsch |
| 9 (RLIN) | 104815 |
| 650 ## - SUBJECT ADDED ENTRY--TOPICAL TERM | |
| Topical term or geographic name entry element | Social Psychology |
| 942 ## - ADDED ENTRY ELEMENTS (KOHA) | |
| Source of classification or shelving scheme | |
| Koha item type | Book |
| Call number prefix | 301,DEU |
| Withdrawn status | Lost status | Source of classification or shelving scheme | Damaged status | Not for loan | Collection code | Permanent Location | Current Location | Date acquired | Total Checkouts | Full call number | Barcode | Date last seen | Price effective from | Koha item type |
|---|---|---|---|---|---|---|---|---|---|---|---|---|---|---|
| Military College of Signals (MCS) | Military College of Signals (MCS) | 12/12/2016 | 301 DEU | MCS3327 | 12/08/2016 | 12/12/2016 | Book |
